| 000 -CABECERA |
| campo de control de longitud fija |
01634nam a2200373 i 4500 |
| 001 - NÚMERO DE CONTROL |
| campo de control |
C00601649 |
| 003 - IDENTIFICADOR DEL NÚMERO DE CONTROL |
| campo de control |
OSt |
| 005 - FECHA Y HORA DE LA ÚLTIMA TRANSACCIÓN |
| campo de control |
20230109110939.0 |
| 007 - CAMPO FIJO DE DESCRIPCIÓN FÍSICA--INFORMACIÓN GENERAL |
| campo de control de longitud fija |
ta |
| 008 - DATOS DE LONGITUD FIJA--INFORMACIÓN GENERAL |
| campo de control de longitud fija |
211012s2020 pe a gr 000 p und |
| 020 ## - NÚMERO INTERNACIONAL ESTÁNDAR DEL LIBRO |
| Número Internacional Estándar del Libro |
9786124732515 |
| 040 ## - FUENTE DE LA CATALOGACIÓN |
| Centro/agencia transcriptor |
BMC |
| 041 ## - CÓDIGO DE LENGUA |
| Código de lengua del texto/banda sonora o título independiente |
spa |
| 082 ## - NÚMERO DE LA CLASIFICACIÓN DECIMAL DEWEY |
| Número de clasificación |
970.036/M18M8 |
| 100 ## - ENTRADA PRINCIPAL--NOMBRE DE PERSONA |
| Nombre de persona |
Moreno Jeria, Rodrigo |
| 9 (RLIN) |
48849 |
| 245 ## - MENCIÓN DE TÍTULO |
| Título |
Magallanes y Elcano : la empresa de la primera circunnavegación del mundo / |
| Mención de responsabilidad, etc. |
Rodrigo Moreno Jeria |
| 250 ## - MENCIÓN DE EDICIÓN |
| Mención de edición |
Primera edición. |
| 264 31 - PRODUCCIÓN, PUBLICACIÓN, DISTRIBUCIÓN, FABRICACIÓN Y COPYRIGHT |
| Producción, publicación, distribución, fabricación y copyright |
Lima : |
| Nombre del de productor, editor, distribuidor, fabricante |
Ernst & Young Asesores, |
| Fecha de producción, publicación, distribución, fabricación o copyright |
2017. |
| 300 ## - DESCRIPCIÓN FÍSICA |
| Extensión |
151 páginas : |
| Otras características físicas |
ilustraciones en color ; |
| Dimensiones |
21 cm. |
| 504 ## - NOTA DE BIBLIOGRAFÍA, ETC. |
| Nota de bibliografía, etc. |
Bibliografía: p. 145-148. |
| 546 ## - NOTA DE LENGUA/LENGUAJE |
| Nota de lengua/lenguaje |
Texto en lenguas indígenas y su traducción al español. |
| 650 ## - PUNTO DE ACCESO ADICIONAL DE MATERIA--TÉRMINO DE MATERIA |
| Término de materia o nombre geográfico como elemento de entrada |
Magallanes, Fernando de, |
| Subdivisión cronológica |
1480-1521. |
| 9 (RLIN) |
48850 |
| 650 ## - PUNTO DE ACCESO ADICIONAL DE MATERIA--TÉRMINO DE MATERIA |
| Término de materia o nombre geográfico como elemento de entrada |
Viajes alrededor del mundo |
| Subdivisión cronológica |
Siglo XVI. |
| 9 (RLIN) |
48851 |
| 650 ## - PUNTO DE ACCESO ADICIONAL DE MATERIA--TÉRMINO DE MATERIA |
| Término de materia o nombre geográfico como elemento de entrada |
Exploradores |
| Subdivisión geográfica |
América |
| 9 (RLIN) |
48852 |
| 856 ## - LOCALIZACIÓN Y ACCESO ELECTRÓNICOS |
| Identificador Uniforme del Recurso |
<a href="https://assets.ey.com/content/dam/ey-sites/ey-com/es_pe/topics/growth/ey-magallanes-y-elcano-vf2017.pdf">https://assets.ey.com/content/dam/ey-sites/ey-com/es_pe/topics/growth/ey-magallanes-y-elcano-vf2017.pdf</a> |
| Nota pública |
Leer en digital |
| 942 ## - ELEMENTOS DE PUNTO DE ACCESO ADICIONAL (KOHA) |
| Fuente del sistema de clasificación o colocación |
|
| Tipo de ítem Koha |
Libros-BMC |